<?xml version="1.0" encoding="UTF-8"?>
<marc:record xmlns:marc="http://www.loc.gov/MARC21/slim">
   <marc:leader>00000nam a2200000 a 4500</marc:leader>
   <marc:datafield ind1="1" ind2=" " tag="100">
      <marc:subfield code="a">Borowitz, Alexandra</marc:subfield>
      <marc:subfield code="4">aut</marc:subfield>
      <marc:subfield code="e">Verfasser/-in</marc:subfield>
   </marc:datafield>
   <marc:datafield ind1="0" ind2="0" tag="245">
      <marc:subfield code="a">Die Tage vor der Hochzeit</marc:subfield>
   </marc:datafield>
   <marc:datafield ind1="0" ind2="0" tag="245">
      <marc:subfield code="b">Roman</marc:subfield>
   </marc:datafield>
   <marc:datafield ind1="0" ind2="0" tag="245">
      <marc:subfield code="c">Alexandra Borowitz</marc:subfield>
   </marc:datafield>
   <marc:datafield ind1=" " ind2="1" tag="264">
      <marc:subfield code="a">München</marc:subfield>
      <marc:subfield code="b">Goldmann</marc:subfield>
      <marc:subfield code="c">2019</marc:subfield>
   </marc:datafield>
   <marc:datafield ind1=" " ind2=" " tag="250">
      <marc:subfield code="a">Deutsche Erstausgabe</marc:subfield>
   </marc:datafield>
   <marc:datafield ind1="1" ind2=" " tag="520">
      <marc:subfield code="a">Angaben aus der Verlagsmeldung

Die Tage vor der Hochzeit : Roman Family and Other Catastrophes / von Alexandra Borowitz

Emily Glass weiß, dass sie ein paar Macken hat. Aber ist das ein Wunder? Schon als Kind wurde sie von ihrer Mutter, einer Psychologin, ständig analysiert. Ihr Vater, ein Unidozent, behandelte sie wie seine Schülerin. Und ihre Geschwister sind auch keine Hilfe. Emilys Schwester ist eine militante Gender-Aktivistin, ihr Bruder ein hoffnungsloser Schürzenjäger. Zum Glück hat Emily den wundervollen David gefunden, der sie liebt, so wie sie ist. Mit ihm wird sie in wenigen Tagen vor den Altar treten. Dummerweise findet das Hochzeitsfest bei Emilys Eltern statt, wo nun die ganze verrückte Familie zusammenkommt. Emilys großer Tag ist da schon bald Nebensache ...

</marc:subfield>
   </marc:datafield>
   <marc:datafield ind1=" " ind2=" " tag="020">
      <marc:subfield code="a">9783442488964</marc:subfield>
      <marc:subfield code="9">9783442488964</marc:subfield>
   </marc:datafield>
   <marc:datafield ind1=" " ind2=" " tag="020">
      <marc:subfield code="a">3442488966</marc:subfield>
      <marc:subfield code="9">3442488966</marc:subfield>
   </marc:datafield>
   <marc:datafield ind1=" " ind2=" " tag="041">
      <marc:subfield code="a">ger</marc:subfield>
   </marc:datafield>
   <marc:datafield ind1=" " ind2=" " tag="300">
      <marc:subfield code="a">384 Seiten</marc:subfield>
   </marc:datafield>
</marc:record>
